000 00557 a2200217 4500
005 20260428150148.0
008 260428b |||||||| |||| 00| 0 eng d
020 _a9789386235053
_cRs. 995.00
040 _aMAIN
082 _a006.312
_bP964D(4)
100 _aPujari, Arun K
245 _aData mining techniques
250 _a4th
260 _bUniversities Press
_c2024
_aHyderabad
300 _axxiv, 407
650 _aComputer Science
650 _aArtifical Intelligence
650 _aMachine Learning
650 _aData Mining
942 _cBK
999 _c394351
_d394351